000 00505nam a22001817a 4500
003 UA-OsUOA
001 8786
007 ta
008 20040927b un ||||| |||| 00| 0 ukr d
100 _aШафаренко Ж.
942 _cSA
040 _aUA-OsUOA
_cUA-OsUOA
_dUA-OsUOA
245 _aТеоретичні аспекти нотаріального процесу
300 _aС.104-106
955 _a0
773 0 _w0
_tПраво України
_dКиїв
_d2004
_gN9
650 7 _aНотаріат
_2UDC
999 _c294947
_d294947